LIBRARY & INFORMATION CENTRE, KCAET, TAVANUR

ONLINE PUBLIC ACCESS CATALOGUE (OPAC)

Chemistry of the environment / (Record no. 13266)

MARC details
000 -LEADER
fixed length control field 00447cam a2200169ua 4500
003 - CONTROL NUMBER IDENTIFIER
control field OSt
008 - FIXED-LENGTH DATA ELEMENTS--GENERAL INFORMATION
fixed length control field 250823b |||||||| |||| 00| 0 eng d
041 ## - LANGUAGE CODE
Language code of text/sound track or separate title eng
082 ## - DEWEY DECIMAL CLASSIFICATION NUMBER
Classification number 628
Item number SPI/CH
100 ## - MAIN ENTRY--AUTHOR NAME
Personal name Spiro, Thomas G .
245 ## - TITLE STATEMENT
Title Chemistry of the environment /
250 ## - EDITION STATEMENT
Edition statement 2 /
260 ## - PUBLICATION, DISTRIBUTION, ETC. (IMPRINT)
Place of publication New Delhi :
Name of publisher Prentice Hall of India Pvt Ltd. ,
Year of publication 2006.
300 ## - PHYSICAL DESCRIPTION
Number of Pages 490 ;
Accompanying material CD.
700 1# - ADDED ENTRY--PERSONAL NAME
Personal name Stigliani, William M .
942 ## - ADDED ENTRY ELEMENTS (KOHA)
Koha item type Books
Holdings
Withdrawn status Lost status Damaged status Home library Current library Date acquired Full call number Accession Number Koha item type
      KAUAET KAUAET 07/04/2012 628 SPI/CH 21769 Books
free website counter